000 00812nam a2200205Ia 4500
005 20241216011508.0
008 190429s9999||||xx |||||||||||||| ||und||
082 _a657
_bA47
100 _aALLPAS MARCELO ELMER OVIDIO, ROMERO OSCATEGUI CECILIA
245 0 _aLAS NORMAS INTERNACIONALES DE CONTABILIDAD Y SUS IMPLICANCIAS EN LA GESTION FINANCIERA DE LAS INSTITUCIONES PUBLICAS DEL DISTRITO DE YANACANCHA
250 _a0
260 _aCERRO DE PASCO-PERU
_bUNDAC
_c2009
300 _a83 pag.
_c30 cm.
341 _h0
490 _v0
_a0
505 _aPLANTEAMIENTO DEL PROBLEMA DE INVESTIGACION/MARCO TEORICO Y CONCEPTUAL/METOLOGIA Y TECNICAS DE INVESTIGACION/ANALIS E INTERPRETACION DE RESULTADOS OBTENIDOS
541 _aD
_bALLPAS MARCELO ELMER
_d18-Aug-09
_oSoles
650 _aContabilidad
942 _cTESIS
999 _c43452
_d43452